Integrace SAP a hlasové technologie

Využívanie moderného systému riadenia skladu v nemeckej spoločnosti Getränke Essmann. Transparentnosť a flexibilita skladovania a distribúcie. Technológia SAP LES (logistics-execution-system) ako komplexný dátový rádiový systém. Transparentnosť prostredníctvom online riadenia zásob. Riadenie proceso...

ver descrição completa

Na minha lista:
Detalhes bibliográficos
Formato: Capítulo de Livro
Idioma:tcheco
Assuntos:
Tags: Adicionar Tag
Sem tags, seja o primeiro a adicionar uma tag!

MARC

LEADER 00000naa$a2200000$$$4500
001 0055201
005 20231128134155.1
041 0 |a cze 
044 |a CZ 
245 1 0 |a Integrace SAP a hlasové technologie 
520 |a Využívanie moderného systému riadenia skladu v nemeckej spoločnosti Getränke Essmann. Transparentnosť a flexibilita skladovania a distribúcie. Technológia SAP LES (logistics-execution-system) ako komplexný dátový rádiový systém. Transparentnosť prostredníctvom online riadenia zásob. Riadenie procesov hlasom (pick by voice). 
610 2 0 |a technológie informačné 
610 2 0 |a technológie komunikačné 
610 2 0 |a technológie nové 
610 2 0 |a automatizácia 
610 2 0 |a kódy čiarové 
610 2 0 |a označovanie tovarov 
610 2 0 |a distribúcia 
610 2 0 |a zásobovanie 
610 2 0 |a riadenie zásob 
610 2 0 |a sklady